000 01357cam a2200301 a 4500
999 _c19241
_d19241
001 896618
003 BDDh-ASL
005 20231015025750.0
008 820728m19809999bg 001 0 eng
010 _a 80905215
_z 2016310589
020 _cTk35.00 (v. 1)
040 _aDLC
_cDLC
_dBDDh-ASL
043 _aa-bg---
050 0 0 _aBP63.B3
_bM43 1980
082 0 0 _a297.0954
_219
_bMUS
100 1 _aMeerza, Delawarr Hosaen Ahamed,
_d1840-1913.
245 1 0 _aMuslim modernism in Bengal :
_bselected writings of Delawarr Hosaen Ahamed Meerza, 1840-1913, Vol.-1 /
_cedited by Sultan Jahan Salik ; foreword by A.F. Salahuddin Ahmed.
260 _aDacca :
_bCentre for Social Studies,
_c1980.
300 _a119 p. :
_c22 cm.
500 _a"I am now publishing the second edited volume of the essays after a lapse of three decades. These essays were first printed and published in 1889 by Thacker Spink and Co. Calcutta. Some of his other writings in "The Mussalman", "The Moslem Chronicle" and "The Mohammedan Observer" are also reproduced with this volume"--Volume 2 editor's note.
500 _aIncludes index.
650 0 _aIslam
_zBangladesh.
651 0 _aBangladesh
_xSocial conditions.
700 1 _aSalik, Sultan Jahan.+
906 _a7
_bcbc
_corignew
_d3
_encip
_f19
_gy-gencatlg
942 _2ddc
_cBK